000 00281nam a2200085Ia 4500
008 220204s9999 xx 000 0 und d
245 0 _aDevelopment of rubber plantation in Kottayam district Kerala: An expost evaluation study
260 _aThiruvananthapuram
_bNABARD
_c1990
942 _cBK
999 _c43565
_d43565